Catálogo de la Real Biblioteca. (Record no. 174899)

MARC details
000 -LEADER
campo de control de longitud fija 01456nam a2200289 i 4500
001 - NÚMERO DE CONTROL
campo de control 174899
003 - IDENTIFICADOR DE NÚMERO DE CONTROL
campo de control ES-MaACL
005 - FECHA Y HORA DE LA ÚLTIMA TRANSACCIÓN
campo de control 20250907063131.0
008 - DATOS DE LONGITUD FIJA--INFORMACIÓN GENERAL
campo de control de longitud fija 100622s1910 sp a c |||| |dspa d
080 ## - NÚMERO DE LA CLASIFICACIÓN DECIMAL UNIVERSAL
Número de la Clasificación Decimal Universal 027(460)
100 1# - ENTRADA PRINCIPAL--NOMBRE DE PERSONA
Nombre de persona Navas, Juan Gualberto López Valdemoro de Quesada,
Títulos y otros términos asociados al nombre Conde de las,
Fechas asociadas al nombre 1855-1935
9 (RLIN) 85203
245 10 - MENCIÓN DEL TÍTULO
Título Catálogo de la Real Biblioteca.
Nombre de parte o sección de la obra Autores-historia /
Mención de responsabilidad, etc. por Juan Gualberto López-Valdemoro de Quesada, Conde de las Navas.
260 ## - PUBLICACIÓN, DISTRIBUCIÓN, ETC.
Lugar de publicación, distribución, etc. Madrid :
Nombre del editor, distribuidor, etc. [s.n.],
Fecha de publicación, distribución, etc. 1910 (
Fabricante Oficina Tip. de Ducazcal)
300 ## - DESCRIPCIÓN FÍSICA
Extensión 2 v. :
Otras características físicas il. col. ;
Dimensiones 29 cm.
490 1# - MENCIÓN DE SERIE
Mención de serie Catálogo de la Real Biblioteca. Impresos ;
Designación de volumen o secuencia 2-3
500 ## - NOTA GENERAL
Nota general Índices.
504 ## - NOTA DE BIBLIOGRAFÍA, ETC.
Nota de bibliografía, etc. Referencias bibliográficas.
505 8# - NOTA DE CONTENIDO CON FORMATO
Nota de contenido con formato Contiene: I. Introducción / por Juan Gualberto López-Valdemoro de Quesada; con 9 lám. de "Bernardo Rodríguez y Hauser y Menet", ejecutadas algunas sobre acuarelas de Gabriel Ochoa - II. A-B / ordenado e impreso bajo la dirección de Juan Gualberto López-Valdemoro de Quesada; con láminas de "Bernardo Rodríguez y Hauser y Menet"
610 24 - PUNTO DE ACCESO ADICIONAL DE MATERIA--NOMBRE DE ENTIDAD CORPORATIVA
Nombre de entidad corporativa o nombre de jurisdicción como elemento de entrada Palacio Real (Madrid).
Unidad subordinada Biblioteca-
Subdivisión de forma Catálogos.
9 (RLIN) 143157
700 1# - ENTRADA AGREGADA--NOMBRE PERSONAL
Nombre de persona Rodríguez, Bernardo.
9 (RLIN) 131967
700 1# - ENTRADA AGREGADA--NOMBRE PERSONAL
Nombre de persona Ochoa, Gabriel.
9 (RLIN) 144055
710 2# - ENTRADA AGREGADA--NOMBRE DE ENTIDAD CORPORATIVA
Nombre de entidad corporativa o nombre de jurisdicción como elemento de entrada Palacio Real (Madrid).
Unidad subordinada Biblioteca.
9 (RLIN) 6101
710 2# - ENTRADA AGREGADA--NOMBRE DE ENTIDAD CORPORATIVA
Nombre de entidad corporativa o nombre de jurisdicción como elemento de entrada Hauser y Menet (Madrid)
9 (RLIN) 4558
830 10 - PUNTO DE ACCESO ADICIONAL DE SERIE-TÍTULO UNIFORME
Título uniforme Catálogo de la Real Biblioteca
Designación de volumen o secuencia 2-3
9 (RLIN) 189465
852 ## - LOCALIZACIÓN
Ubicación ES-MaACL
Número de control de estantería B-13791-92
Holdings
Estatus retirado Estado de pérdida Estado de daño No para préstamo Biblioteca de origen Biblioteca actual Ubicación en estantería Fecha de adquisición Fuente de adquisición Total de préstamos Signatura topográfica completa Código de barras Visto por última vez Precio de reemplazo Tipo de ítem Koha
        Biblioteca del Ateneo de Madrid Biblioteca del Ateneo de Madrid Sala Pardo Bazán 22/06/2010     B-13791-92 1183621 23/02/2023 23/02/2023 Libro impreso